000 01786nam a2200229Ia 4500
003 Ost
005 20260507075234.0
008 260507s9999||||xx |||||||||||||| ||und||
040 _cfsecg
041 _aara
082 _a330
100 _aزيارة، فريد فهمي
_eمؤلف
245 0 _aوظائف الادارة /
_c فريد فهمي زيارة
260 _aعمان:
_bدار اليازوري,
_c2009
300 _a420 صفحة؛
_bإيضاحات ؛
_c24 سم
520 _aمنظمة الاعمال ، المديرون و غير الديرين ، ماهي الادارة، ماذا يعمل المديرون ، أدوار المدير ، الفكر التقليدي: تطور الفكر الادري ، الادارة العلمية ، نظرية البيروقراطية ، مدرسة العملية الادارية ، الدعوات الانسانية الاجتماعية ، حركة العلاقات الانسانية ، الفرد في منظمة الاعمال ، حاجات الفرد، المدخل الكمي ، مدخل النظم ، النظرية الموقفية ، نظرية Zإدارة الجودة الشاملة ، المنظمة المريدة و المتطبعة ، عملية و حالات إتخاذ القرار أنواع القرارات ، الأنموذج العقلاني ، العقلانية المقيدة ، أنواع اتخاذالقرار : حالة دراسية ، الجماعية في إتخاذ القرار، نظم المعلومات الادارية ، التخطيط ، التنظيم ، الاتصال ، القيادة ، الرقابة ، المسؤوليةالاجتماعية.
653 _aالادارة
653 _aالتنظيم
653 _aالقيادة
653 _aالمدير
942 _cكتاب
999 _c43575
_d43575